000 00722cam a22002413a 4500
001 25701
003 PGUSA
005 20140828083543.0
008 080605s2008||||xxu|||||s|||||000 | eng d
040 _aPGUSA
_beng
042 _adc
050 4 _aDA
100 1 _aOliphant,
_cMrs
_q(Margaret),
_d1828-1897
245 1 0 _aRoyal Edinburgh :
_bHer Saints, Kings, Prophets and Poets
_h[electronic resource] /
_cOliphant,
260 _bProject Gutenberg,
_c2008
506 _aPublic domain in the USA.
516 _aElectronic text
653 _aEdinburgh (Scotland) -- History
700 1 _aReid, George,
_d1841-1913
830 0 _aProject Gutenberg
_v25701
856 4 0 _uhttp://www.gutenberg.org/ebooks/25701
942 _cEB
999 _c254956
_d254956